00625nam a22001937a 450000500170000001000150001702000260003203500140005803700090007208200110008110000170009224500960010926000440020527000890024930000260033870000230036470000200038770000240040720220217095045.0 aENG-131643 a9788194119784c299.00 aEN-115175 bDBAD a428.34 aSambaiah, M. aCommunicative English-I:bCommon to All Branches for B.tech First Year/cM. Sambaiah et.al. aHyderabadbAmaravati Publicationsc2020 a# 326/C, III Floor, Surneni Nilayam Near B K Guda Park, S R NagarbHyderabade500038 axvi, 416p.c24cm(pbk) aReddy, K. Suneetah aKumar, K. Vinay aReddy, K. Janardhan